[Event "Llobregat op 3rd"]
[Site "Llobregat"]
[Date "2011.04.09"]
[Round "2"]
[White "Oliver Monfort, Sergio"]
[Black "Vallejo Gonzalez, Luis"]
[Result "1-0"]
[WhiteElo "1817"]
[BlackElo "1596"]
[PlyCount "63"]
[EventDate "2011.04.02"]
[EventType "swiss"]
[EventRounds "7"]
[EventCountry "ESP"]
[SourceTitle "CBM 142 Extra"]
[Source "ChessBase"]
[SourceDate "2011.06.27"]
[SourceVersion "1"]
[SourceVersionDate "2011.06.27"]
[SourceQuality "1"]

1. e4 e5 2. Nf3 Nc6 3. Bc4 Bc5 4. c3 Nf6 5. d4 exd4 6. 0-0 0-0 7. cxd4 Be7 8. e5 Ne4 9. d5 Na5 10. Bd3 Nc5 11. Bc2 b6 12. b4 Ba6 13. Re1 Nab7 14. bxc5 Bxc5 15. Bd3 Bxd3 16. Qxd3 Bb4 17. Bd2 Nc5 18. Qd4 Bxd2 19. Nbxd2 Re8 20. Ne4 Nxe4 21. Rxe4 Qc8 22. Rae1 Qa6 23. Qd2 c5 24. Qc2 Rac8 25. Ng5 g6 26. h4 h6 27. Nf3 b5 28. e6 dxe6 29. dxe6 f6 30. e7 Rc7 31. Re6 Rc6 32. Qxg6+ 1-0

[Event "Barcelona La Lira op-C 11th"]
[Site "Barcelona"]
[Date "2008.07.25"]
[Round "7.5"]
[White "Oliver Monfort, Sergio"]
[Black "Gomez Fernandez, Miquel"]
[Result "1/2-1/2"]
[WhiteElo "1848"]
[BlackElo "1788"]
[PlyCount "60"]
[EventDate "2008.07.19"]
[EventType "tourn"]
[EventRounds "9"]
[EventCountry "ESP"]
[SourceTitle "EXT 2024"]
[Source "ChessBase"]
[SourceDate "2023.10.10"]
[SourceVersion "1"]
[SourceVersionDate "2023.10.10"]
[SourceQuality "1"]

1. e4 c5 2. Nf3 Nc6 3. Bb5 d6 4. Bxc6+ bxc6 5. 0-0 Bg4 6. d3 e5 7. Be3 Nf6 8. c4 Be7 9. Nbd2 0-0 10. a3 h6 11. Qc2 Qd7 12. b4 cxb4 13. axb4 Bxf3 14. Nxf3 Ng4 15. Bd2 Rfd8 16. Ra6 d5 17. h3 dxe4 18. dxe4 Nf6 19. Bc3 Qb7 20. Rfa1 Bxb4 21. Bxe5 Be7 22. Bc3 c5 23. e5 Ne4 24. Nd2 Nxd2 25. Bxd2 Rd7 26. e6 fxe6 27. Rxe6 Rd6 28. Rxd6 Bxd6 29. Rb1 Qf7 30. Be3 Re8 1/2-1/2

[Event "Barbera del Valles op-B 30th"]
[Site "Barbera del Valles"]
[Date "2007.07.06"]
[Round "1"]
[White "Oliver Monfort, Sergio"]
[Black "Basas Gamazo, Josep"]
[Result "0-1"]
[WhiteElo "1825"]
[BlackElo "2089"]
[PlyCount "96"]
[EventDate "2007.07.06"]
[EventType "swiss"]
[EventRounds "7"]
[EventCountry "ESP"]
[SourceTitle "EXT 2008"]
[Source "ChessBase"]
[SourceDate "2007.11.25"]
[SourceVersion "1"]
[SourceVersionDate "2007.11.25"]
[SourceQuality "1"]

1. Nf3 Nf6 2. d4 g6 3. c4 Bg7 4. Nc3 0-0 5. e4 d6 6. Be3 e5 7. d5 Nbd7 8. b4 a5 9. a3 Ng4 10. Bd2 axb4 11. axb4 Rxa1 12. Qxa1 f5 13. h3 Nh6 14. Qc1 Nf7 15. Ng5 Nxg5 16. Bxg5 Nf6 17. Be2 Qe8 18. Bf3 Qf7 19. Qd2 fxe4 20. Nxe4 Nxe4 21. Bxe4 Bf5 22. Bxf5 gxf5 23. 0-0 f4 24. Qd1 Qg6 25. Bh4 f3 26. g3 e4 27. Qd2 Bh6 28. Qd4 Bf4 29. Kh2 Be5 30. Qe3 h6 31. Rg1 Kh7 32. Kh1 b6 33. g4 Bf4 34. Qd4 e3 35. fxe3 f2 36. Bxf2 Be5 37. Qd2 Qe4+ 38. Rg2 Rf3 39. Kg1 Rxh3 40. Qc1 Rf3 41. Kf1 Rf8 42. g5 Ra8 43. Qd2 Qxc4+ 44. Qe2 Qxd5 45. Qc2+ Kh8 46. gxh6 Ra1+ 47. Be1 Qf3+ 48. Qf2 Rxe1+ 0-1